Top Texas Colleges & Universities - Statistics

General Stats
  • This quiz has been taken 182 times
  • The average score is 13 of 25
Answer Stats
Rank Institution % Correct
76 University of Texas, Austin
99%
21 Rice University
90%
103 Texas A&M University, College Station
90%
306 University of Houston
86%
148 Texas Christian University
83%
202 Baylor University
81%
311 Texas Tech University
81%
606 University of Texas, El Paso
75%
91 Southern Methodist University
72%
619 University of Texas, San Antonio
72%
507 University of North Texas
69%
508 Texas State University
67%
278 University of Dallas
53%
501 University of Texas, Arlington
51%
240 University of Texas, Dallas
50%
537 Sam Houston State University
46%
441 Abilene Christian University
28%
348 Austin College
28%
143 Trinity University
25%
571 University of Texas, Rio Grande Valley
25%
315 Southwestern University
15%
384 St. Edwards University
15%
592 Texas Woman's University
15%
538 St. Mary's University
11%
382 University of St. Thomas
9%
No matching quizzes found
Score Distribution
Percent of People with Each Score
Percentile by Number Answered
Your Score History
You have not taken this quiz